Feminismos : una mirada desde la sociología /
Se presentan aquí una historia de las aportaciones teóricas feministas más relevantes, desde los sociólogos Frédéric Le Play y Émile Durkheim, hasta las activistas Simone de Beauvoir, Betty Friedan, o la filósofa Judith Buttler, para reflexionar sobre el origen de los términos del feminismo y cómo s...
Պահպանված է:
| Հիմնական հեղինակ: | |
|---|---|
| Այլ հեղինակներ: | |
| Ձևաչափ: | Գիրք |
| Լեզու: | իսպաներեն |
| Հրապարակվել է: |
Madrid, España :
Universidad Complutense,
2018, c2018
|
| Շարք: | (Docencia Universidad Complutense ;
5) |
| Խորագրեր: | |
| Ցուցիչներ: |
Չկան պիտակներ, Եղեք առաջինը, ով նշում է այս գրառումը!
|
MARC
| LEADER | 00000nam^a2200000^a^4500 | ||
|---|---|---|---|
| 001 | 000415226 | ||
| 005 | 20250521000000.0 | ||
| 009 | 20260310122253.914 | ||
| 020 | |a 978-84-669-3574-6 | ||
| 037 | |a Acervo ITESO - Biblioteca | ||
| 041 | |a ESP | ||
| 082 | |a 305. 4201 |b MAR | ||
| 100 | |a Marugán Pintos, Begoña |e (autor) | ||
| 245 | 1 | 0 | |a Feminismos : |b una mirada desde la sociología / |c B. Marugán Pintos, M.J. Miranda López. |
| 264 | 4 | |a Madrid, España : |b Universidad Complutense, |c 2018, c2018 | |
| 300 | |a 325 p. | ||
| 336 | |a texto |b txt |2 rdacontenido | ||
| 337 | |a sin mediación |b n |2 rdamedio | ||
| 338 | |a volumen |b nc |2 rdasoporte | ||
| 440 | 1 | |a (Docencia Universidad Complutense ; |v 5) | |
| 520 | |a Se presentan aquí una historia de las aportaciones teóricas feministas más relevantes, desde los sociólogos Frédéric Le Play y Émile Durkheim, hasta las activistas Simone de Beauvoir, Betty Friedan, o la filósofa Judith Buttler, para reflexionar sobre el origen de los términos del feminismo y cómo son utilizados en la práctica. | ||
| 521 | |a FIL 2019 EEnlace Departamento de Formación Humana | ||
| 649 | |a XX | ||
| 650 | |a Feministas | ||
| 650 | |a Activistas Sociales | ||
| 650 | |a Sociólogos | ||
| 650 | |a Feminismo - |x Teoría - |x Historia y Crítica - |x Tema Principal | ||
| 650 | |a Feminismo - |x Teoría - |x Tema Principal | ||
| 650 | |a Feminismo - |x Tema Principal | ||
| 650 | |a Movimientos Sociales - |x Historia | ||
| 650 | |a Género - |x Teoría | ||
| 650 | |a Sociología de la Cultura - |x Teoría | ||
| 650 | |a Sociología - |x Teoría | ||
| 650 | |a Sociología | ||
| 700 | |a Miranda López, María Jesús |e (autor) | ||
| 910 | |a Fondo General | ||
| 920 | |a Impresos - Libros | ||
| 930 | |a Colección General | ||
| 905 | |a 101 | ||
| 901 | |a 0500324768 |b IT1 |c ACC |i C168475 |u 20250521 | ||
| 902 | |a https://opac.biblio.iteso.mx/vufind/Record/000415226 | ||